00945nam a2200193 a 450000100100000000500170001000800410002704000250006808200220009311000770011524501530019226000760034530000190042150000580044059000260049870000310052495201790055599900170073400003334620200930070207.0110523s1952 dr r 000 | fre d aDO-SdBNPbspacBNPHU axxxxbR426d, 19521 aRepública Dominicana.bPresidente (1942-1952 : Trujillo Molina)95716410aDiscours prononcé au Congrés National, le 27 février 1952, par son excellence le président Rafael L. Trujillo /ctraducido por Jazem Draiby. aCiudad Trujillo, República Dominicana :bImpresora Dominicana,c1952. a20 p ;c24 cm. aA la cabeza del título : Répúblique Dominicaine aInventariado, 2018/LP1 aDraiby, Jazem,etr.957165 0010718PDaPDbPDcCTd2011-08-25iLF1l0oxxxx R426d, 1952p33346-10r2020-06-25w2020-06-25yLFPDzPerteneció a la biblioteca personal de Martínez Boog.ZNo se presta c32837d32837